Rosco de Pasapalabra #35 - Estadísticas

Estadísticas generales
  • Esta prueba ha sido intentada 357 veces
  • La puntuación promedio es 11 de 25
Estadísticas de respuestas
Inicial Definición Respuesta % Correcto
D Libro en que se recogen, por orden alfabético, las palabras de una lengua, acompañadas de su definición Diccionario
96%
B Instrumento consistente en una caja en cuyo interior una aguja imantada señala el norte magnético Brújula
91%
F Línea que separa un estado de otro Frontera
89%
M Sanción administrativa o penal que consiste en la obligación de pagar una cantidad determinada de dinero Multa
82%
N Gas noble, de símbolo NE, que se usa en los tubos fluorescentes Neón
80%
U Planeta del sistema solar que es el séptimo en orden de distancia al sol Urano
80%
T Que ocupa en una serie el lugar número tres Tercero
77%
E Categoría taxonómica en que se clasifican los seres vivos y que se subdivide a veces en variedades o razas Especie
68%
C Universo, mundo, conjunto de todo lo existente Cosmos
63%
A En una vivienda, habitación destinada a dormir Alcoba
59%
H Conjunto de servicios que proporcionan alojamiento y comida a los clientes Hostelería
58%
O Perteneciente o relativo al adorno Ornamental
56%
R Col cuyas hojas, de color verde claro, anchas y apretadas entre sí, forman como una cabeza redondeada Repollo
50%
I Se dice de la jornada laboral que se realiza de un modo continuado, en ocasiones con alguna breve interrupción Intensiva
43%
Contiene la X Esperanza de realizar o conseguir algo Expectativa
22%
V Hombre a quien un soberano concede su favor y confianza, y extraordinaria influencia en el gobierno del Estado Valido
21%
S Cuerda con un peso de plomo, que sirve para medir la profundidad de las aguas y explorar el fondo Sonda
20%
Contiene la Q Aroma de los vinos de buena calidad Buque
18%
Contiene la Ñ Insignia o estandarte Enseña
16%
J Coloquialmente, ver Jipiar
11%
Z Nombre vulgar de varias aves paseriformes del mismo género que el mirlo Zorzal
8%
G Archipiélago del océano Pacífico, que forma parte de Kiribati y se encuentran las islas de Tarawa y Abemama Gilbert
4%
P En la armonía, sonido prolongado sobre el cual se suceden diferentes acordes Pedal
4%
L Ladrón que hurta ovejas o carneros Lobatón
2%
Contiene la Y Apellido del arquitecto que diseñó el antiguo capitolio de Kentucky, sede del gobierno estatal de 1830 a 1910 Shryock
0%
No se encontraron pruebas coincidentes
Distribución de puntuación
Porcentaje de gente con cada puntuación
Porcentaje por número respondido
Historial de tus puntuaciones
No has intentado esta prueba.